Seventeenth century life in the country parish : with special reference to local government /

Bibliographic Details
Main Author: Trotter, Eleanor
Format: Book
Language:English
Published: Cambridge [England] : The University Press, 1919.
Subjects:

MARC

Tag First Indicator Second Indicator Subfields
LEADER 00000cam a2200000 4500
001 in00000065380
005 20151008051832.0
008 781030s1919 enkb b 00110 engm
010 |a  20006573  
035 |a (OCoLC)04331305 
035 |9 AAH0266AM 
040 |a DLC  |c IPL  |d TXA  |d UtOrBLW 
049 |a TXAM  |c [195121] 
050 0 0 |a JS3045.P3  |b T7 
092 |a 352.042  |b T858s 
100 1 |a Trotter, Eleanor. 
245 1 0 |a Seventeenth century life in the country parish :  |b with special reference to local government /  |c by Eleanor Trotter. 
264 1 |a Cambridge [England] :  |b The University Press,  |c 1919. 
300 |a xiv, 242 pages :  |b double map. ;  |c 23 cm. 
336 |a text  |b txt  |2 rdacontent 
337 |a unmediated  |b n  |2 rdamedia 
338 |a volume  |b nc  |2 rdacarrier 
504 |a Bibliography: pages [234]-236. 
650 0 |a Local government  |z Great Britain. 
650 0 |a Parishes. 
999 |a MARS 
999 f f |s ddb4f63c-28ab-3d4d-9196-861ca8738379  |i 8b0e5a5f-a7b1-37fb-9df8-d217d0441cb4  |t 0 
952 f f |p ric  |a Texas A&M University  |b Rellis Campus  |c Joint Library Facility  |d Remote Storage  |t 0  |e JS3045.P3 T7  |h Library of Congress classification  |i unmediated -- volume  |m A14800796519 
998 f f |a JS3045.P3 T7  |t 0  |l Remote Storage